000 00345pam a2200157a 44500
008 230515b1992 xxu||||| |||| 00| 0 eng d
020 _aNULL
041 _aENGLISH
082 _aN.D.
100 _aJONEYS F.D.
245 _aMACHINERYS HANDBOOK
250 _a0
260 _aNULL
_bINDUSTRIAL PRESS
_c1992
300 _a2543
650 _aNULL
999 _c573931
_d573931